000 00546nam 22001693 4500
001 199590
090 _a199590
100 _a20251216d u||y0pory50 ba
200 _aPovo e religião no termo de Loures
_fJ. Pinharanda Gomes
210 _aLoures
_cParóquia de Santo António dos Cavaleiros
_d1982
215 _a181, [3] p.
_cbrochado
_d21 cm
606 _95487
_aCristianismo. Igrejas e denominações Cristãs
675 _a27
_vPT
_zpor
700 _915405
_aGomes
_bJosué Pinharanda
_f1939-2019
801 _aPT
_bBMMN
_gRPC
830 _cVanda
990 _cLIVROS